Fußballtransfers Winterpause 2022 - Statistiken

Allgemein
  • Dieses Quiz wurde 843 mal gespielt
  • Das Durchschnittsergebnis liegt bei 4 aus 10
Antwortstatistiken
Ablöse in € Neuer Verein Spieler % Korrekt
70 Mio. Juventus Turin Dusan Vlahovic
90%
44 Mio. FC Liverpool Luis Diaz
66%
55 Mio. FC Barcelona Ferran Torres
64%
16,36 Mio. FC Augsburg Ricardo Pepi
52%
15 Mio. Newcastle United Kieran Trippier
50%
30 Mio. Newcastle United Chris Wood
27%
30 Mio. Aston Villa Lucas Digne
19%
23,5 Mio. FC Everton Vitaliy Mykolenko
7%
14 Mio. AC Florenz Jonathan Ikone
6%
14 Mio. FC Everton Nathan Patterson
2%
Keine übereinstimmenden Quizze gefunden
Verteilung der Resultate
Anzahl Personen mit jedem Resultat
Perzentil nach korrekt beantworteten Fragen
Ihre Resultats-Entwicklung
Sie haben dieses Quiz noch nicht gespielt